[Event "30.Schlosspark-Open"]
[Site "Wiesbaden-Biebrich"]
[Date "2018.08.25"]
[Round "5.35"]
[White "Nagel, Bernhard"]
[Black "Haasner, Tom"]
[Result "1-0"]
[WhiteElo "2214"]
[BlackElo "1950"]
[PlyCount "129"]
[EventDate "2018.??.??"]
[WhiteTeam "KÃ¶lner SK Dr. Lasker"]
[BlackTeam "TSV Rottendorf"]

1. d4 Nf6 2. c4 c5 3. d5 b5 4. Nf3 g6 5. Qc2 Bg7 6. e4 O-O 7. Bf4 d6 8. Nbd2
Qa5 9. Bd3 Na6 10. O-O Nb4 11. Qb1 Nxd3 12. Qxd3 bxc4 13. Nxc4 Ba6 14. Rfc1
Bxc4 15. Qxc4 Rab8 16. Bd2 Qb5 17. Rab1 Nd7 18. b3 Ne5 19. Nxe5 Bxe5 20. g3 Bd4
21. Bh6 Rfe8 22. Kg2 Rb7 23. Rc2 Reb8 24. Rbc1 f6 25. h4 Kf7 26. Bd2 h5 27.
Qxb5 Rxb5 28. Rc4 Re8 29. Ra4 Rb7 30. Ra6 Reb8 31. Rc4 Rd8 32. Kf3 Rdd7 33. Ke2
Ke8 34. Ba5 Kf7 35. Ra4 Be5 36. Bd2 Bd4 37. f4 f5 38. Be3 Bc3 39. Rc4 Bb2 40.
Kd3 Ba1 41. Bd2 Bd4 42. Be1 Bg1 43. Rca4 Rb8 44. Ke2 Rbb7 45. Rc6 Bd4 46. Kd3
Bg1 47. Raa6 Rd8 48. Ra5 Rdd7 49. Rc8 Rb6 50. exf5 gxf5 51. Rh8 Kg6 52. Rg8+
Kf6 53. Bc3+ e5 54. dxe6+ Kxe6 55. Rg6+ Kd5 56. Rg5 Rf7 57. Rxh5 Bh2 58. Rg5
Rb8 59. Ra6 Re8 60. h5 Re6 61. Bg7 Bg1 62. h6 Re3+ 63. Kd2 Rfe7 64. Rxf5+ Ke4
65. h7 1-0

[Event "30.Schlosspark-Open"]
[Site "Wiesbaden-Biebrich"]
[Date "2018.08.25"]
[Round "5.36"]
[White "Bakiev, Diyor"]
[Black "Kiefer, Daniel"]
[Result "1-0"]
[WhiteElo "1899"]
[BlackElo "2197"]
[PlyCount "67"]
[EventDate "2018.??.??"]
[WhiteTeam "SV Ffm-Griesheim"]
[BlackTeam "SF Mainz"]

1. e4 e5 2. Nf3 Nc6 3. Bc4 Nf6 4. d3 h6 5. O-O d6 6. Re1 g5 7. c3 g4 8. Nfd2
Bg7 9. Nf1 Be6 10. Ne3 Bxc4 11. Nxc4 d5 12. exd5 Qxd5 13. Ne3 Qd7 14. d4 O-O-O
15. d5 Ne7 16. c4 c6 17. Nc3 h5 18. Qa4 Kb8 19. dxc6 Nxc6 20. Rd1 Qe6 21. Ned5
h4 22. b4 h3 23. b5 Nd4 24. Rxd4 exd4 25. Bf4+ Rd6 26. b6 a6 27. Nb5 Bf8 28.
Nxf6 Qxf6 29. Re1 Be7 30. Bxd6+ Bxd6 31. Nxd6 Rd8 32. c5 d3 33. c6 bxc6 34.
Qxa6 1-0

[Event "30.Schlosspark-Open"]
[Site "Wiesbaden-Biebrich"]
[Date "2018.08.25"]
[Round "5.37"]
[White "Boder, Jan"]
[Black "Ebert, Wolfgang"]
[Result "1/2-1/2"]
[WhiteElo "1842"]
[BlackElo "2180"]
[PlyCount "23"]
[EventDate "2018.??.??"]
[WhiteTeam "SG MÃ¶rsdorf-Lahr"]
[BlackTeam "Schachforum Darmstadt"]

1. c4 g6 2. g3 Bg7 3. Bg2 c5 4. Nc3 Nc6 5. e4 d6 6. Nge2 Nf6 7. d3 O-O 8. O-O
Ne8 9. f4 Nd4 10. Be3 Nc7 11. Rb1 Nce6 12. f5 1/2-1/2

[Event "30.Schlosspark-Open"]
[Site "Wiesbaden-Biebrich"]
[Date "2018.08.25"]
[Round "5.38"]
[White "Modric, Vladimir"]
[Black "Koch, Markus"]
[Result "0-1"]
[WhiteElo "1867"]
[BlackElo "2122"]
[PlyCount "56"]
[EventDate "2018.??.??"]
[WhiteTeam "SC Nied"]
[BlackTeam "SC Brett vorm Kopp"]

1. c4 e5 2. g3 c6 3. Bg2 d5 4. cxd5 cxd5 5. d3 Nf6 6. Nf3 Nc6 7. O-O h6 8. b3
Bd6 9. Bb2 O-O 10. Nbd2 Re8 11. Rc1 Bg4 12. h3 Bf5 13. a3 Bh7 14. b4 e4 15.
dxe4 dxe4 16. Nd4 e3 17. Nxc6 bxc6 18. Nc4 exf2+ 19. Rxf2 Bxg3 20. Rf3 Qc7 21.
Qd4 Rad8 22. Qc3 Bh4 23. Rcf1 Rxe2 24. Ne3 Rd3 25. Qc4 Rxb2 26. Qxh4 Qb6 27.
Kh1 Rxe3 28. Rxf6 Rxg2 0-1

[Event "30.Schlosspark-Open"]
[Site "Wiesbaden-Biebrich"]
[Date "2018.08.25"]
[Round "5.39"]
[White "Matzat, Andre"]
[Black "Kuebart, Thore"]
[Result "1-0"]
[WhiteElo "2081"]
[BlackElo "1863"]
[PlyCount "63"]
[EventDate "2018.??.??"]
[WhiteTeam "Oberhausener SV"]
[BlackTeam "SK Radolfzell"]

1. d4 d5 2. Bf4 Nf6 3. e3 Bf5 4. c4 e6 5. Nc3 Bb4 6. Qb3 Nc6 7. Nf3 O-O 8. a3
Bxc3+ 9. Qxc3 Ne4 10. Qb3 Na5 11. Qa4 c6 12. cxd5 Qxd5 13. Be2 b6 14. O-O Bg4
15. Rfd1 Bh5 16. Rac1 a6 17. b4 Qb3 18. Qxb3 Nxb3 19. Rc2 a5 20. Rb1 Bxf3 21.
gxf3 Ned2 22. Rbb2 axb4 23. axb4 c5 24. bxc5 bxc5 25. dxc5 Rfd8 26. c6 f6 27.
c7 Rdc8 28. Bd6 Ra5 29. f4 g5 30. Bb4 Rd5 31. Bxd2 Nxd2 32. Rb8 1-0

[Event "30.Schlosspark-Open"]
[Site "Wiesbaden-Biebrich"]
[Date "2018.08.25"]
[Round "5.40"]
[White "Gitsis, Christos"]
[Black "Held, Maurice"]
[Result "1-0"]
[WhiteElo "2013"]
[BlackElo "1802"]
[PlyCount "49"]
[EventDate "2018.??.??"]
[WhiteTeam "SF Mainz"]
[BlackTeam "SC Ladja RoÃŸdorf"]

1. d4 g6 2. Nf3 Bg7 3. g3 c5 4. d5 Nf6 5. Nc3 d6 6. Bg2 b5 7. Nxb5 Qa5+ 8. Nc3
Ne4 9. Bd2 Nxc3 10. bxc3 Bxc3 11. O-O Bxd2 12. Nxd2 Nd7 13. e4 Ba6 14. Re1 O-O
15. f4 e5 16. dxe6 fxe6 17. Nf3 Qc7 18. Ng5 Rfe8 19. f5 Nf8 20. f6 Kh8 21. Qg4
h5 22. Qf3 Nh7 23. f7 Re7 24. Nxh7 Rxf7 25. Qa3 1-0

[Event "30.Schlosspark-Open"]
[Site "Wiesbaden-Biebrich"]
[Date "2018.08.25"]
[Round "5.41"]
[White "Menning, Uwe"]
[Black "Ahrends, Norbert"]
[Result "0-1"]
[WhiteElo "2047"]
[BlackElo "1860"]
[PlyCount "96"]
[EventDate "2018.??.??"]
[WhiteTeam "FC Bierstadt"]
[BlackTeam "SV GroÃŸ-Gerau"]

1. d4 d5 2. Nf3 Nf6 3. c4 c6 4. cxd5 cxd5 5. Nc3 e6 6. Bg5 Be7 7. e3 O-O 8. Bd3
Nbd7 9. O-O Re8 10. Rc1 Nf8 11. Ne5 a6 12. a3 N6d7 13. Bxe7 Qxe7 14. f4 f6 15.
Nxd7 Bxd7 16. Qh5 Rec8 17. Qf3 f5 18. g3 h6 19. Qh5 Nh7 20. Qe2 Nf6 21. h3 Kf7
22. Nb1 Qd8 23. Nd2 Ne4 24. Bxe4 fxe4 25. Qh5+ Kg8 26. Qd1 Rxc1 27. Qxc1 e5 28.
dxe5 Bxh3 29. Rf2 Rc8 30. Qd1 Qd7 31. Nb1 Bg4 32. Qd2 Bf3 33. Nc3 Qh3 34. Qxd5+
Kh8 35. Rxf3 exf3 36. Qxf3 Rd8 37. Qf2 Qd7 38. Ne4 Qd3 39. Nd6 Rd7 40. Kg2 Rc7
41. Qf3 Rc2+ 42. Kh3 Rxb2 43. f5 Kg8 44. f6 Rb1 45. f7+ Kf8 46. Kg4 Rf1 47.
Qxb7 Qg6+ 48. Kh3 Qh5+ 0-1

[Event "30.Schlosspark-Open"]
[Site "Wiesbaden-Biebrich"]
[Date "2018.08.25"]
[Round "5.42"]
[White "Fischer, Daniel"]
[Black "Zachary, Bastian"]
[Result "0-1"]
[WhiteElo "2037"]
[BlackElo "1860"]
[PlyCount "32"]
[EventDate "2018.??.??"]
[WhiteTeam "SVG Offenburg"]
[BlackTeam "Mulhouse Philidor"]

1. Nf3 Nf6 2. c4 e6 3. g3 d5 4. Bg2 Be7 5. O-O O-O 6. b3 c5 7. e3 Nc6 8. Bb2
Re8 9. Nc3 d4 10. exd4 cxd4 11. Nb5 e5 12. Re1 a6 13. Na3 Bc5 14. Nc2 e4 15.
Ng5 Bf5 16. f3 exf3 0-1

[Event "30.Schlosspark-Open"]
[Site "Wiesbaden-Biebrich"]
[Date "2018.08.25"]
[Round "5.43"]
[White "Boehmer, Thomas"]
[Black "Hoffmann, Christian"]
[Result "0-1"]
[WhiteElo "2032"]
[BlackElo "1859"]
[PlyCount "97"]
[EventDate "2018.??.??"]
[WhiteTeam "Wiesbadener SV"]
[BlackTeam "BKA Wiesbaden"]

1. d4 Nf6 2. c4 g6 3. Nc3 Bg7 4. e4 d6 5. h3 O-O 6. Nf3 Nbd7 7. Be3 e5 8. d5 h6
9. g4 Qe7 10. Nd2 h5 11. Be2 hxg4 12. hxg4 Nh7 13. Qc2 Ng5 14. O-O-O c6 15. Nf3
Nxf3 16. Bxf3 Nb6 17. Be2 cxd5 18. cxd5 Bd7 19. Kb1 Rfc8 20. Qd2 Na4 21. Nxa4
Bxa4 22. Rdg1 Bc2+ 23. Ka1 Bxe4 24. f3 Bc2 25. Bd3 Bxd3 26. Qxd3 Qf6 27. Qe4 b5
28. Rc1 a5 29. Rhd1 Rc4 30. Rxc4 bxc4 31. Rc1 Rc8 32. Rc3 Qh4 33. a3 Qe1+ 34.
Ka2 Qe2 35. Rc2 Qd1 36. Bd2 Rc5 37. Be3 Rb5 38. Qxc4 Qxd5 39. a4 Qxc4+ 40. Rxc4
Rb8 41. b3 Bf8 42. Rc6 d5 43. Bc5 e4 44. fxe4 dxe4 45. Bxf8 Kxf8 46. Kb2 Ke7
47. g5 Rd8 48. Kc2 Rd5 49. Rc4 0-1

[Event "30.Schlosspark-Open"]
[Site "Wiesbaden-Biebrich"]
[Date "2018.08.25"]
[Round "5.44"]
[White "Hoffmann, Jens"]
[Black "Pauly, Markus"]
[Result "0-1"]
[WhiteElo "2012"]
[BlackElo "1805"]
[PlyCount "86"]
[EventDate "2018.??.??"]
[WhiteTeam "SF HN-Biberach"]
[BlackTeam "Sfr. Erbach"]

1. e4 c5 2. Nc3 a6 3. g3 b5 4. Bg2 Bb7 5. d3 e6 6. f4 Nf6 7. Qe2 d5 8. exd5
Nxd5 9. Ne4 Be7 10. Nf3 O-O 11. O-O Nc6 12. c3 Qc7 13. Bd2 Rad8 14. Be1 Nb8 15.
c4 bxc4 16. dxc4 Nf6 17. Ned2 Nc6 18. Nb3 Rc8 19. Rc1 a5 20. Ne5 a4 21. Na5 Nd4
22. Qd1 Bxg2 23. Kxg2 Qb8 24. Bc3 Qa8+ 25. Kh3 Bd8 26. Bxd4 cxd4 27. Nac6 Rxc6
28. Nxc6 Qxc6 29. Qxd4 Ne4 30. b4 axb3 31. axb3 Ba5 32. c5 Nd2 33. b4 Nxf1 34.
bxa5 Qf3 35. Rc3 Qe2 36. Qg1 Nd2 37. c6 Ne4 38. Re3 Nf2+ 39. Kg2 Qxe3 40. Qxf2
Qxf2+ 41. Kxf2 Rc8 42. a6 Rxc6 43. a7 Ra6 0-1

[Event "30.Schlosspark-Open"]
[Site "Wiesbaden-Biebrich"]
[Date "2018.08.25"]
[Round "5.45"]
[White "Launert, Martin"]
[Black "Iliev, Mustafa Batuhan"]
[Result "0-1"]
[WhiteElo "1859"]
[BlackElo "2012"]
[PlyCount "142"]
[EventDate "2018.??.??"]
[WhiteTeam "Sfr. Erbach"]
[BlackTeam "SV GroÃŸauheim"]

1. e4 c5 2. Nf3 e6 3. d4 cxd4 4. Nxd4 Nf6 5. Nc3 d6 6. Be3 Be7 7. Bc4 Nc6 8.
O-O O-O 9. Qe2 a6 10. Rad1 Qc7 11. f4 b5 12. Bd3 Nxd4 13. Bxd4 e5 14. Bf2 Bg4
15. Nd5 Bxe2 16. Nxc7 Bxf1 17. Kxf1 Rac8 18. fxe5 Rxc7 19. exf6 Bxf6 20. c3 Be5
21. h3 Rb8 22. Be2 b4 23. c4 b3 24. axb3 Rxb3 25. c5 Rc6 26. cxd6 Bxd6 27. e5
Be7 28. Bf3 Rc2 29. Bd4 Kf8 30. Bc3 Bc5 31. Ra1 Rf2+ 32. Ke1 Rb6 33. Ra5 Be3
34. Rd5 Rc2 35. Rd3 Rc1+ 36. Ke2 Bf4 37. Rd8+ Ke7 38. Ra8 Ke6 39. Bg4+ Kd5 40.
Bf3+ Kc4 41. Rc8+ Kb5 42. Kd3 Bxe5 43. Kd2 Bf4+ 44. Kd3 f5 45. Rd8 Rd6+ 46.
Rxd6 Bxd6 47. Bxg7 Rc7 48. Bc3 Re7 49. Kc2 a5 50. Bd1 Bb4 51. Bf6 Re6 52. Bg5
Rg6 53. Be2+ Kb6 54. Bd8+ Kc5 55. Bf3 Kd4 56. Kb3 Ke3 57. Ka4 Kf2 58. Bxa5 Bxa5
59. Kxa5 Rxg2 60. Bxg2 Kxg2 61. b4 f4 62. b5 f3 63. b6 f2 64. b7 f1=Q 65. b8=Q
Qa1+ 66. Kb6 Qb1+ 67. Kc7 Qxb8+ 68. Kxb8 Kxh3 69. Kc7 h5 70. Kd6 h4 71. Ke5 Kg2
0-1

[Event "30.Schlosspark-Open"]
[Site "Wiesbaden-Biebrich"]
[Date "2018.08.25"]
[Round "5.46"]
[White "Gerst, Michael"]
[Black "Reinisch, Markus"]
[Result "1/2-1/2"]
[WhiteElo "2009"]
[BlackElo "1829"]
[PlyCount "55"]
[EventDate "2018.??.??"]
[WhiteTeam "Oberhausener SV"]
[BlackTeam "Wiesbadener SV"]

1. d4 d5 2. c4 e6 3. Nc3 Nf6 4. Nf3 Be7 5. Bg5 O-O 6. e3 Nbd7 7. Rc1 c6 8. Bd3
Re8 9. O-O h6 10. Bh4 b6 11. cxd5 exd5 12. Qc2 Bb7 13. Rfd1 Ne4 14. Bg3 Nxg3
15. hxg3 a6 16. a3 Rc8 17. Qb1 Bf8 18. b4 b5 19. Qb3 Nb6 20. Ne2 Nc4 21. Bb1
Qf6 22. Nf4 g6 23. Re1 a5 24. Nd3 Bd6 25. Nc5 Bxc5 26. bxc5 Rc7 27. Qc3 Bc8 28.
Nd2 1/2-1/2

[Event "30.Schlosspark-Open"]
[Site "Wiesbaden-Biebrich"]
[Date "2018.08.25"]
[Round "5.48"]
[White "Hipler, Andreas"]
[Black "Werner, Dimo"]
[Result "1/2-1/2"]
[WhiteElo "1852"]
[BlackElo "2003"]
[PlyCount "27"]
[EventDate "2018.??.??"]
[WhiteTeam "SK Gau-Algesheim"]
[BlackTeam "TSV Schott Mainz"]

1. d4 Nf6 2. Nf3 d5 3. e3 e6 4. Bd3 Nbd7 5. O-O Bd6 6. b3 O-O 7. Bb2 b6 8. Nbd2
Bb7 9. Ne5 c5 10. f4 Ne4 11. Rc1 f6 12. Nxd7 Qxd7 13. Qe2 Nxd2 14. Qxd2 1/2-1/2

[Event "30.Schlosspark-Open"]
[Site "Wiesbaden-Biebrich"]
[Date "2018.08.25"]
[Round "5.49"]
[White "Froehlich-Dill, Astrid"]
[Black "Koellner, Aaron Noah"]
[Result "0-1"]
[WhiteElo "1824"]
[BlackElo "2001"]
[PlyCount "70"]
[EventDate "2018.??.??"]
[WhiteTeam "SV Hofheim"]
[BlackTeam "SV Bergneustadt/Derschlag"]

1. d4 d6 2. e4 Nf6 3. f3 Nbd7 4. Bc4 e5 5. c3 c6 6. Ne2 a5 7. a4 Be7 8. O-O Qc7
9. Ng3 Nf8 10. f4 h5 11. fxe5 dxe5 12. Nf5 Bxf5 13. Rxf5 N8d7 14. Be3 Rf8 15.
Qf3 g6 16. Rg5 Ng4 17. Rxg4 hxg4 18. Qxg4 Bd6 19. g3 O-O-O 20. Nd2 Kb8 21. d5
cxd5 22. Bxd5 Nf6 23. Qe2 Nxd5 24. exd5 Bc5 25. c4 f5 26. Kg2 Bxe3 27. Qxe3
Rde8 28. Rb1 Rh8 29. c5 f4 30. Qc3 Qd7 31. gxf4 Qxd5+ 32. Kg1 exf4 33. Rf1 Qg5+
34. Kh1 Rxh2+ 35. Kxh2 Re2+ 0-1

[Event "30.Schlosspark-Open"]
[Site "Wiesbaden-Biebrich"]
[Date "2018.08.25"]
[Round "5.50"]
[White "Zimmer, Gerald"]
[Black "Hertle, Philipp"]
[Result "1-0"]
[WhiteElo "2001"]
[BlackElo "1784"]
[PlyCount "81"]
[EventDate "2018.??.??"]
[WhiteTeam "SC Bergen-Enkheim"]
[BlackTeam "SK Radolfzell"]

1. d4 Nf6 2. Bf4 g6 3. Nf3 Bg7 4. h3 O-O 5. e3 d6 6. c3 c5 7. Nbd2 Nc6 8. Be2
cxd4 9. exd4 Re8 10. Nc4 b5 11. Ne3 Qb6 12. d5 Nb8 13. Nd4 a6 14. Bf3 Bb7 15.
O-O Nbd7 16. g4 Nc5 17. Re1 Nfd7 18. Nec2 Ne5 19. Be3 Nxf3+ 20. Nxf3 Qc7 21.
Bf4 Rac8 22. Nfd4 Bxd5 23. Nf5 gxf5 24. Qxd5 fxg4 25. hxg4 Qc6 26. Qxc6 Rxc6
27. Nb4 Rcc8 28. Rad1 Na4 29. Bc1 a5 30. Nd5 e6 31. Nf4 d5 32. Nh5 Bh8 33. g5
Red8 34. Kg2 Bxc3 35. bxc3 Nxc3 36. Nf6+ Kg7 37. Rd3 Nxa2 38. Bb2 Kg6 39. Rh1
h5 40. gxh6 Rh8 41. Rg3+ 1-0

[Event "30.Schlosspark-Open"]
[Site "Wiesbaden-Biebrich"]
[Date "2018.08.25"]
[Round "5.51"]
[White "Zeyen, Helmut"]
[Black "Kolker, Vladislav"]
[Result "0-1"]
[WhiteElo "1785"]
[BlackElo "1999"]
[PlyCount "66"]
[EventDate "2018.??.??"]
[WhiteTeam "Wiesbadener SV"]
[BlackTeam "SC Bad Nauheim"]

1. e4 e5 2. Nf3 Nc6 3. Nc3 Nf6 4. a3 d5 5. Bb5 d4 6. Ne2 Nxe4 7. d3 Nf6 8. Nxe5
Qd5 9. Bxc6+ bxc6 10. Nf3 c5 11. Nf4 Qd8 12. Qe2+ Be7 13. Ng5 O-O 14. f3 Re8
15. Ne4 Bb7 16. O-O Bd6 17. Qf2 Bf8 18. b3 h6 19. Nxf6+ Qxf6 20. Nh5 Qe7 21.
Bd2 f5 22. Rae1 Qf7 23. Nf4 g5 24. Ne2 f4 25. h4 Re6 26. Kh1 Bd6 27. Ng1 Re3
28. Nh3 Qh5 29. Bxe3 fxe3 30. Rxe3 dxe3 31. Qxe3 Re8 32. Qd2 Qxh4 33. Qc3 Qg3
0-1

[Event "30.Schlosspark-Open"]
[Site "Wiesbaden-Biebrich"]
[Date "2018.08.25"]
[Round "5.52"]
[White "Kuerschner, Matthias"]
[Black "Wunschik, Joachim"]
[Result "1/2-1/2"]
[WhiteElo "1995"]
[BlackElo "1793"]
[PlyCount "85"]
[EventDate "2018.??.??"]
[WhiteTeam "SK Langen"]
[BlackTeam "SV RÃ¼sselsheim"]

1. e4 c5 2. c4 Nc6 3. Ne2 e5 4. Nbc3 d6 5. d3 f5 6. f4 Nf6 7. g3 fxe4 8. dxe4
Nd4 9. Bg2 Bg4 10. Qd3 Qd7 11. h3 Bxe2 12. Nxe2 Be7 13. O-O O-O 14. Bd2 Nh5 15.
Nc3 Nf6 16. Kh2 a6 17. Nd5 Nxd5 18. exd5 Bf6 19. Be4 h6 20. Rf2 g5 21. fxe5
Bxe5 22. Raf1 Rxf2+ 23. Rxf2 Qe7 24. Qf1 Bxg3+ 25. Kxg3 Qe5+ 26. Kg2 Qxe4+ 27.
Kg1 Re8 28. Qg2 Qxg2+ 29. Kxg2 Re2 30. Rxe2 Nxe2 31. h4 Kf7 32. hxg5 hxg5 33.
Bxg5 b5 34. Kf2 Nd4 35. Bf4 Ke7 36. b3 Nc2 37. Bg5+ Kd7 38. Ke2 Nb4 39. a4 bxa4
40. bxa4 Nc2 41. Bf6 a5 42. Kd2 Nb4 43. Bg5 1/2-1/2

[Event "30.Schlosspark-Open"]
[Site "Wiesbaden-Biebrich"]
[Date "2018.08.25"]
[Round "5.53"]
[White "Mueller, Lutz"]
[Black "Rabiya, Karim"]
[Result "1-0"]
[WhiteElo "1989"]
[BlackElo "1750"]
[PlyCount "59"]
[EventDate "2018.??.??"]
[WhiteTeam "SC Bad KÃ¶nigshofen"]
[BlackTeam "SK Niederbrechen"]

1. d4 Nf6 2. Nf3 e6 3. e3 c5 4. Bd3 Nc6 5. O-O b6 6. a3 Bb7 7. b3 d5 8. Bb2 Be7
9. Nbd2 O-O 10. Ne5 g6 11. f4 a5 12. Qe2 Nd7 13. Rad1 f5 14. g4 Ncxe5 15. fxe5
Rf7 16. c4 Nf8 17. cxd5 Bxd5 18. e4 Bb7 19. exf5 gxf5 20. h3 Qd5 21. Kh2 cxd4
22. gxf5 Rg7 23. Nf3 Nd7 24. Bc4 d3 25. Rxd3 Qe4 26. Bxe6+ Kf8 27. Qxe4 Bxe4
28. Rxd7 Rc8 29. Rd2 Bc5 30. Bxc8 1-0

[Event "30.Schlosspark-Open"]
[Site "Wiesbaden-Biebrich"]
[Date "2018.08.25"]
[Round "5.54"]
[White "Heinrich, Leon"]
[Black "Junker, Christian"]
[Result "1/2-1/2"]
[WhiteElo "1638"]
[BlackElo "1986"]
[PlyCount "72"]
[EventDate "2018.??.??"]
[WhiteTeam "SW NÃ¼rnberg SÃ¼d"]
[BlackTeam "SV Neu-Isenburg"]

1. d4 f5 2. Nf3 Nf6 3. c4 e6 4. Nc3 d5 5. Bg5 Be7 6. e3 O-O 7. Bd3 c6 8. O-O g6
9. Bh6 Re8 10. h3 Ne4 11. Rc1 b6 12. a3 Bb7 13. Bf4 Nd7 14. Be5 Nd6 15. Qe2 a5
16. Na4 Nf7 17. Nc3 Nfxe5 18. Nxe5 Bf6 19. f4 Qe7 20. Nxd7 Qxd7 21. Na4 Bd8 22.
c5 b5 23. Nc3 a4 24. Na2 Qg7 25. g3 g5 26. Qg2 Bf6 27. Nb4 Re7 28. Bb1 Kh8 29.
Kh2 Rg8 30. Qf2 Qh6 31. Rg1 Reg7 32. Bd3 g4 33. Qg2 gxh3 34. Qxh3 Qxh3+ 35.
Kxh3 h5 36. Be2 Rh7 1/2-1/2

[Event "30.Schlosspark-Open"]
[Site "Wiesbaden-Biebrich"]
[Date "2018.08.25"]
[Round "5.55"]
[White "Scharping, Hans-Martin"]
[Black "Schwenk, Stefan"]
[Result "1-0"]
[WhiteElo "1984"]
[BlackElo "1729"]
[PlyCount "95"]
[EventDate "2018.??.??"]
[WhiteTeam "SC Pforzheim"]
[BlackTeam "SK Geisenheim"]

1. d4 d5 2. c4 e6 3. Nc3 Nf6 4. Bg5 Be7 5. e3 Nbd7 6. Nf3 O-O 7. Qc2 c5 8. dxc5
Nxc5 9. cxd5 Nxd5 10. Nxd5 exd5 11. Bxe7 Qxe7 12. Be2 Be6 13. O-O Rac8 14. Nd4
a6 15. Rfc1 Ne4 16. Qd1 Qg5 17. Rxc8 Rxc8 18. Rc1 Qd8 19. Rc2 Rxc2 20. Qxc2 Qc8
21. Qxc8+ Bxc8 22. Bd3 Nc5 23. Bc2 Bd7 24. f3 g6 25. Kf2 Kg7 26. h4 h5 27. b4
Ne6 28. Bb3 Nxd4 29. exd4 Bc6 30. Ke3 f5 31. Kf4 Kf6 32. a4 b5 33. axb5 axb5
34. Ba2 Bb7 35. Bb1 Bc8 36. Bc2 Bd7 37. Bd3 Be8 38. Be2 Bd7 39. g3 Be8 40. g4
fxg4 41. fxg4 hxg4 42. Bxg4 Bc6 43. Bc8 Be8 44. Bb7 Ke6 45. Bc8+ Kf6 46. Bb7
Ke6 47. Kg5 Kd6 48. Kf6 1-0

[Event "30.Schlosspark-Open"]
[Site "Wiesbaden-Biebrich"]
[Date "2018.08.25"]
[Round "5.56"]
[White "Tremoehlen, Thomas"]
[Black "Wachsmann, Elmar"]
[Result "1-0"]
[WhiteElo "1981"]
[BlackElo "1654"]
[PlyCount "57"]
[EventDate "2018.??.??"]
[WhiteTeam "SG Kaarst"]
[BlackTeam "SC GroÃŸ-Umstadt"]

1. d4 d5 2. Bf4 Nf6 3. e3 c5 4. c3 e6 5. Nd2 Bd6 6. Bg3 O-O 7. Ngf3 Nc6 8. Bd3
b6 9. e4 dxe4 10. Nxe4 Nxe4 11. Bxe4 Bb7 12. Qa4 Na5 13. dxc5 Bxc5 14. Rd1 Qc8
15. Bxh7+ Kxh7 16. Qh4+ Kg6 17. Qg5+ Kh7 18. Qh5+ Kg8 19. Ng5 Be4 20. Nxe4 f6
21. b4 Bxf2+ 22. Bxf2 Nc4 23. O-O Qc6 24. Qe2 a5 25. b5 Qxb5 26. Nd2 Rac8 27.
Qxe6+ Kh8 28. Nxc4 Rxc4 29. Rd5 1-0

[Event "30.Schlosspark-Open"]
[Site "Wiesbaden-Biebrich"]
[Date "2018.08.25"]
[Round "5.57"]
[White "Bratmann, Marc"]
[Black "Oezdemir, Ali Oezden"]
[Result "1/2-1/2"]
[WhiteElo "1758"]
[BlackElo "1982"]
[PlyCount "67"]
[EventDate "2018.??.??"]
[WhiteTeam "TuS Dotzheim"]
[BlackTeam "SK Langen"]

1. e4 c5 2. c3 Nf6 3. e5 Nd5 4. d4 cxd4 5. cxd4 d6 6. Nf3 Nc6 7. Bc4 e6 8. O-O
Be7 9. Re1 Nb6 10. Bb3 O-O 11. Nc3 Nb4 12. a3 N4d5 13. Bd2 Bd7 14. Qe2 Nxc3 15.
Bxc3 Ba4 16. Ba2 Nd5 17. Rac1 Rc8 18. Qd3 dxe5 19. Bb1 e4 20. Qxe4 g6 21. Bd2
Qb6 22. b4 Rxc1 23. Rxc1 Rd8 24. h4 Bc6 25. Qd3 Nf6 26. Bg5 Be4 27. Qe3 Bxb1
28. Rxb1 Nd5 29. Qd2 Rc8 30. Bxe7 Nxe7 31. h5 Qd6 32. Qg5 Nd5 33. hxg6 hxg6 34.
g3 1/2-1/2

[Event "30.Schlosspark-Open"]
[Site "Wiesbaden-Biebrich"]
[Date "2018.08.25"]
[Round "5.59"]
[White "Guertler, Karl-Heinz"]
[Black "Brauch, Manfred"]
[Result "1/2-1/2"]
[WhiteElo "1908"]
[BlackElo "1769"]
[PlyCount "70"]
[EventDate "2018.??.??"]
[WhiteTeam "SC Ober-Ramstadt"]
[BlackTeam "SG Pieroth"]

1. e4 c5 2. Nf3 d6 3. d4 cxd4 4. Nxd4 Nf6 5. Nc3 a6 6. Be2 e6 7. O-O Be7 8. f4
Nc6 9. Be3 O-O 10. Qe1 d5 11. e5 Nxd4 12. Bxd4 Nd7 13. f5 exf5 14. Nxd5 Bc5 15.
Qc3 Bxd4+ 16. Qxd4 Nb6 17. c4 Nd7 18. Bf3 a5 19. Rad1 Ra6 20. c5 Re6 21. Nb6
Re7 22. Qc3 Qe8 23. Nxd7 Bxd7 24. Rfe1 Bc6 25. Bxc6 bxc6 26. Rd6 Qa8 27. Qf3
Re6 28. Qxf5 Qe8 29. Rxe6 fxe6 30. Qd3 Qc8 31. Rf1 Rd8 32. Qf3 Qc7 33. Qf4 h6
34. g4 Qe7 35. Qc4 Rd5 1/2-1/2

[Event "30.Schlosspark-Open"]
[Site "Wiesbaden-Biebrich"]
[Date "2018.08.25"]
[Round "5.60"]
[White "Schmidt, Volker"]
[Black "Meaubert, Thomas"]
[Result "1-0"]
[WhiteElo "1905"]
[BlackElo "1758"]
[PlyCount "132"]
[EventDate "2018.??.??"]
[WhiteTeam "TuS Dotzheim"]
[BlackTeam "SC FlÃ¶rsheim"]

1. c4 e6 2. g3 f5 3. Bg2 Nf6 4. e3 Be7 5. Ne2 d6 6. Nbc3 O-O 7. O-O Nc6 8. d3
Bd7 9. Rb1 a5 10. a3 Rb8 11. b4 axb4 12. axb4 b6 13. b5 Na5 14. Nf4 Qe8 15. Bd2
g5 16. Nfe2 Qh5 17. Nd4 Nb7 18. Qxh5 Nxh5 19. Nc6 Bxc6 20. bxc6 Nd8 21. Nb5 Rc8
22. Bf3 g4 23. Be2 Nxc6 24. Ra1 Nf6 25. Rfc1 Rfd8 26. d4 Ne4 27. Be1 Rd7 28. d5
Nd8 29. Ra7 h5 30. Nd4 e5 31. Nxf5 Bg5 32. Bd3 Nc5 33. Bc2 Nf7 34. Rb1 Rb8 35.
Kg2 Bf6 36. Bc3 Bg5 37. h3 gxh3+ 38. Kxh3 Rf8 39. Kg2 Nh6 40. Nxh6+ Bxh6 41.
Rh1 Rdf7 42. Be1 e4 43. Rxh5 Bg7 44. Ra3 Bb2 45. Ra2 Bc1 46. Bb1 Nd3 47. Bxd3
exd3 48. f4 Bxe3 49. Bc3 Rh7 50. Rxh7 Kxh7 51. Bd2 Bc5 52. Kf3 Re8 53. Bc3 Re3+
54. Kg4 Re4 55. Rd2 Rxc4 56. Rxd3 b5 57. Kg5 b4 58. Bb2 Bf2 59. g4 Be1 60. Rh3+
Kg8 61. f5 Bc3 62. Rh2 Rc5 63. Kg6 b3 64. g5 Be5 65. Bxe5 dxe5 66. f6 Rc6 1-0

[Event "30.Schlosspark-Open"]
[Site "Wiesbaden-Biebrich"]
[Date "2018.08.25"]
[Round "5.61"]
[White "Masoudi, Kian"]
[Black "Buehler, Severin"]
[Result "1/2-1/2"]
[WhiteElo "1588"]
[BlackElo "1892"]
[PlyCount "84"]
[EventDate "2018.??.??"]
[WhiteTeam "SC Bergen-Enkheim"]
[BlackTeam "Heilbronner SV"]

1. e4 c5 2. d4 cxd4 3. c3 Nf6 4. e5 Nd5 5. cxd4 Nc6 6. Nf3 d6 7. Bc4 Nb6 8. Bb5
Bd7 9. O-O Nxe5 10. Nxe5 dxe5 11. Bxd7+ Nxd7 12. d5 g6 13. Nc3 Bg7 14. h4 Nb6
15. Be3 Qd7 16. Bxb6 axb6 17. Qb3 O-O 18. Qxb6 e4 19. Rfd1 Bxc3 20. bxc3 Rfc8
21. Qb3 Rc7 22. Rd4 Rac8 23. Rc1 Qg4 24. g3 Qf3 25. c4 Qxb3 26. axb3 f5 27. Kg2
b5 28. Kh3 bxc4 29. Rdxc4 Rxc4 30. bxc4 Rc5 31. g4 Kf7 32. g5 e6 33. d6 Ke8 34.
Ra1 Kd7 35. Ra7+ Kxd6 36. Rxh7 f4 37. Kg4 e3 38. fxe3 fxe3 39. Kf3 Rxc4 40.
Kxe3 Ke5 41. Kf3 Rf4+ 42. Kg3 Ra4 1/2-1/2

[Event "30.Schlosspark-Open"]
[Site "Wiesbaden-Biebrich"]
[Date "2018.08.25"]
[Round "5.62"]
[White "Ochs, Daniel Elias"]
[Black "Schmitt, Clemens"]
[Result "1/2-1/2"]
[WhiteElo "1872"]
[BlackElo "1711"]
[PlyCount "71"]
[EventDate "2018.??.??"]
[WhiteTeam "Wiesbadener SV"]
[BlackTeam "SV Bergwinkel"]

1. d4 Nf6 2. Nf3 g6 3. g3 Bg7 4. Bg2 d5 5. O-O O-O 6. c4 c6 7. Nc3 Ne4 8. cxd5
cxd5 9. Nxe4 dxe4 10. Ne5 Qd5 11. b3 Nd7 12. Nxd7 Bxd7 13. Bb2 h5 14. Qc2 Bf5
15. e3 Rfc8 16. Qe2 Bg4 17. f3 exf3 18. Bxf3 Bxf3 19. Qxf3 Qxf3 20. Rxf3 f5 21.
Rf2 Rc7 22. Rc1 Rac8 23. Rxc7 Rxc7 24. Rd2 e6 25. Kf2 Bf8 26. a3 Bd6 27. Ke2
Kf8 28. Kf3 Ke8 29. e4 fxe4+ 30. Kxe4 Rf7 31. Ke3 Rf1 32. Re2 Rb1 33. Ke4 Rf1
34. d5 exd5+ 35. Kxd5+ Kd7 36. Rd2 1/2-1/2